00458nam a2200157Ia 4500003000400000005001700004008004100021040001800062041000800080082001500088100004500103245006600148260002600214600003000240650003000270OSt20260325120113.0211028s2007 xx 000 0 und d cAIMIT LIBRARY aeng a658.3 PINJ aPinto, Jovita;Rohith, Babitha.g50971344 aPerformance evaluation of select Indian mutual fund schemes / bRohith, Babithac2007 aHuman Resource Management aHuman Resource Management